Evaluation of fuller's earth clay ceramic membrane in treating raw rubber-processing wastewater (Record no. 75129)

MARC details
000 -LEADER
fixed length control field 02312nam a22002057a 4500
100 ## - MAIN ENTRY--AUTHOR NAME
Personal name Sandhya Rani, S.L
245 ## - TITLE STATEMENT
Title Evaluation of fuller's earth clay ceramic membrane in treating raw rubber-processing wastewater
260 ## - PUBLICATION, DISTRIBUTION, ETC. (IMPRINT)
Name of publisher Journal of Rubber Research, 26(3): 205-219
Year of publication 2023
300 ## - PHYSICAL DESCRIPTION
Other physical details August
520 ## - SUMMARY, ETC.
Summary, etc Ceramic membranes are considered more effective for wastewater treatment applications than polymeric membranes because of their excellent resistance to thermal and chemical environments and possess high durability. To avoid the high cost of commercial ceramic membranes, recently, a significant improvement has been accomplished in developing them using low-cost alternative materials and their application in wastewater treatment. This study investigated the performance of an innovative ceramic microfiltration (MF) membrane fabricated with inexpensive Fuller's earth clay in treating the natural raw rubber (ribbed smoked sheet)-processing wastewater. The flat sheet low-cost membrane used in this study was prepared by uniaxial dry pressing route, followed by sintering at 850 °C, and it possessed 39% porosity with 0.176 µm pore size. The wastewater was treated in dead-end filtration mode at different pressures varying from 0.35 to 2 bar and observed the percentage removal of COD, turbidity, and total suspended solids (TSS). Untreated wastewater had a turbidity of 150 NTU, 1200 mg/L TSS, and 10,800 mg/L COD. At a low operating pressure of 0.35 bar, 94% removal of turbidity and total suspended solids was obtained. Also, significant COD removal of 70.4% from wastewater was obtained using the prepared low-cost MF membrane. Finally, the fouling phenomenon during the wastewater treatment was analyzed and it was concluded that it followed the cake filtration model. For future work, cross-flow filtration of wastewater using fabricated Fuller's earth clay ceramic membrane is recommended as it could pave the way forward towards commercialization and wide-scale industrial applications.
650 ## - SUBJECT ADDED ENTRY--TOPICAL TERM
Topical Term Wastewater
650 ## - SUBJECT ADDED ENTRY--TOPICAL TERM
Topical Term Ceramic membrane
650 ## - SUBJECT ADDED ENTRY--TOPICAL TERM
Topical Term Microfiltration
650 ## - SUBJECT ADDED ENTRY--TOPICAL TERM
Topical Term Low-cost
650 ## - SUBJECT ADDED ENTRY--TOPICAL TERM
Topical Term Natural rubber industry
700 ## - ADDED ENTRY--PERSONAL NAME
Personal name Sathyannarayana, K.V.V
700 ## - ADDED ENTRY--PERSONAL NAME
Personal name Vinoth Kumar, R
856 ## - ELECTRONIC LOCATION AND ACCESS
Uniform Resource Identifier https://doi.org/10.1007/s42464-023-00212-8
942 ## - ADDED ENTRY ELEMENTS (KOHA)
Koha item type Journals
Holdings
Withdrawn status Lost status Damaged status Not for loan Home library Current library Date acquired Koha item type
        RRII Library RRII Library 07/12/2023 Journals